000 00670nam a22002417a 4500
001 14452
003 BD-JhCC
005 20251120124124.0
008 251120b |||||||| |||| 00| 0 eng d
020 _a9780141398570
035 _a(BD-JhCC) 14452
040 _aBD-JhCC
_dBD-JhCC
041 _aeng
082 _223
_a808.83
_bGRI
100 _aBrothers Grimm
245 _aThe robber bridegroom /
_cBrothers Grimm
260 _aLondon:
_bPenguin Classics,
_c 2015
300 _a54p.;
_c17 cm.
_ePaper
490 _aPenguin Little black classics
_vN, 68
650 _aChildren's stories
650 _aFairy tales Germany Translations into English
942 _2ddc
_cBK
999 _c14452
_d14452